LEADER 01494nam a2200337 a 4500 001 000000136399 003 CaOOAMICUS 005 20131127100715.0 008 131127s2013 it u000 u ita r 020 $a978-88-343-2644-2 040 $aPUL$bita 100 1 $aDe Luca, Marianna.$0(OLS)http://pul/name/87841 245 10$aNel rispetto dei reciproci ruoli :$blineamenti di storia della contrattazione collettiva in Italia /$cMarianna De Luca. 260 $aMilano :$bV&P,$c©2013. 300 $aXVIII, 620 p. ;$c22 cm 490 1 $aStoria. Ricerche 490 1 $aVita e pensiero. Universitą 650 4$aLavoro e sindacati$zItalia$ySec. XX.$0(OLS)http://pul/subject/39916 830 0$aUniversitą (Vita e Pensiero).$0(OLS)http://pul/title/154439 830 0$aRicerche (Vita e Pensiero).$pStoria.$0(OLS)http://pul/title/174438 850 $aPUL 852 $aPUL$W1$xDP1 Cons. Gen., Altre Classi 1$y22$m389 C 58$j157103$qStampati$B156592$CPULBib$Z2$F156592 $H123232 $82 941 1 $a8 983 0$aVita e pensiero.$pUniversitą. 983 0$aV & P. Universitą. 983 0$aStoria.$pRicerche (Vita e pensiero) 983 0$aV & P. Storia. Ricerche. 996 $6020$a978-88-343-2644-2$9(OLS)http://pul/number/154006 996 $6245$aNel rispetto dei reciproci ruoli :$blineamenti di storia della contrattazione collettiva in Italia$9(OLS)http://pul/title/172558 996 $6260$aMilano :$bV&P$9(OLS)http://pul/publisher/78336 LEADER 01223nam a2200289 a 4500 001 000000175539 003 CaOOAMICUS 005 20221122144313.0 008 221122s2020 vc 000 u ita r 020 $a978-88-401-5063-5* 032 $aLibriCat 040 $aPUL$bita 082 04$a262 100 1 $aPlacida, Flavio,$csac.,$d1970-$0(OLS)http://pul/name/76185 245 12$aL'epoca d'oro della catechesi :$bl'insegnamento e la prassi dei Padri della Chiesa /$cFlavio Placida. 260 $aCittą del Vaticano :$bUrbaniana University Press,$c©2020. 300 $a239 p. ;$c20 cm 504 $aBibliografia in nota. 650 4$aCatechesi$xChiesa cattolica.$0(OLS)http://pul/subject/15094 850 $aPUL 852 $aPUL$W1$xSL Religione 3$y85$m262 PLAFL 2$j199746$qDDC 21$B204481$CPULBib$Z2$F204481 $82 941 1 $a9 996 $6020$a978-88-401-5063-5*$9(OLS)http://pul/number/168914 996 $6082$a262$9(OLS)http://pul/classification/438 996 $6245$aL'epoca d'oro della catechesi :$bl'insegnamento e la prassi dei Padri della Chiesa$9(OLS)http://pul/title/216994 996 $6260$aCittą del Vaticano :$bUrbaniana University Press$9(OLS)http://pul/publisher/66922